000 00277nam a2200157Ia 4500
100 _aBayross/I
250 _a2
942 _cBK
654 _aSQL
245 _aSQL
260 _bB.P.B
_c1999
082 _a005.13'SQL'
300 _a372
546 _aENGLISH
999 _c35108
_d35108